Prénoms d'artistes - Statistiques

Statistiques générales
  • Ce quiz a été pris 524 fois
  • Le résultat moyen est 9 sur 15
Statistiques - réponses
Prenom Nom de Famille % Correct
Pablo Picasso
97%
Andy Warhol
92%
Leonardo da Vinci
92%
Claude Monet
89%
Paul Gauguin
79%
Frida Kahlo
78%
Henri Matisse
75%
René Magritte
59%
Édouard Manet
56%
Edgar Degas
46%
Niki de Saint Phalle
46%
Fernand Léger
39%
Francisco Goya
36%
Egon Schiele
28%
Roy Lichtenstein
19%
Aucun quiz correspondant
Distribution des résultats
% des personnes avec chaque résultat
Percentile par nombre de réponses
Votre historique - résultats
Vous n’avez pas pris ce quiz